000 00409nam a2200181Ia 4500
001 18955
005 20260306171708.0
008 260306s9999||||xx |||||||||||||| ||und||
041 _aESP
082 _a658.562
_bS92
100 _aSummers, Donna C. S.
_eAUT
245 0 _aAdministración de la calidad
260 _c2006
300 _a
_c
650 _aGEN
654 _aCAN
942 _cLIB
_dJUS
_fJUS
_2ddc
_n
999 _c18955
_d18955